000 00308nam a2200109Ia 4500
008 171204s9999 xx 000 0 und d
245 _aDB2 11 for Z/Os Technical Overview:
245 _cIBM Redbooks
260 _c2013
650 _xDatabase Management
856 _uhttp://down.ebook777.com/057/0738439053.pdf
999 _c345891
_d345891